| 000 -LEADER |
| fixed length control field |
00383pab a2200133 454500 |
| 008 - FIXED-LENGTH DATA ELEMENTS--GENERAL INFORMATION |
| fixed length control field |
180718b1988 xxu||||| |||| 00| 0 eng d |
| 100 ## - MAIN ENTRY--PERSONAL NAME |
| Personal name |
Paukert, Felix |
| 245 ## - TITLE STATEMENT |
| Title |
Price policies as a form of incomes policy in developing countries |
| 260 ## - PUBLICATION, DISTRIBUTION, ETC. |
| Date of publication, distribution, etc. |
1988 |
| 300 ## - PHYSICAL DESCRIPTION |
| Extent |
293-316 |
| 650 ## - SUBJECT ADDED ENTRY--TOPICAL TERM |
| Topical term or geographic name entry element |
Price Policy - Underdeveloped Areas |
| 773 ## - HOST ITEM ENTRY |
| Main entry heading |
Interntional Labour Review |
| 909 ## - |
| -- |
16369 |